[Event "POL-chT U19 2nd League"]
[Site "Iwonicz"]
[Date "2015.08.01"]
[Round "4.84"]
[White "Mytych, Wiktoria"]
[Black "Krzysztynska, Anna"]
[Result "1/2-1/2"]
[WhiteElo "1162"]
[BlackElo "1524"]
[PlyCount "87"]
[EventDate "2015.07.25"]
[EventType "team-swiss"]
[EventRounds "11"]
[EventCountry "POL"]
[SourceTitle "EXT 2019"]
[Source "ChessBase"]
[SourceDate "2018.10.10"]
[SourceVersion "1"]
[SourceVersionDate "2018.10.10"]
[SourceQuality "1"]
[WhiteTeam "Malopolski Skoczek Sedziszow U19"]
[BlackTeam "Krosno KKSz Urania U19"]
[WhiteTeamCountry "POL"]
[BlackTeamCountry "POL"]

1. e4 e5 2. Nf3 Nc6 3. Nc3 Nf6 4. Bb5 d6 5. Bxc6+ bxc6 6. h3 Be7 7. 0-0 0-0 8. d3 Be6 9. Be3 h6 10. d4 exd4 11. Nxd4 c5 12. Nxe6 fxe6 13. f3 c6 14. Bf2 Nh7 15. Qe1 Qe8 16. Bg3 Rb8 17. Rb1 Kh8 18. f4 Qd7 19. Bh4 Rf7 20. Bxe7 Rxe7 21. Qe3 Qd8 22. e5 dxe5 23. Qxe5 Qd4+ 24. Kh1 Qb4 25. a3 Qb7 26. Qxc5 Nf6 27. Rfe1 Rbe8 28. Ne4 Qc7 29. Nxf6 gxf6 30. Qe3 Kh7 31. Qe4+ f5 32. Qe3 Rg8 33. Rg1 c5 34. Rbf1 Qc6 35. Qf3 Qb5 36. Qc3 Reg7 37. Rf2 Qc6 38. Qf3 Qb6 39. Qc3 Qc6 40. Qf3 Qb5 41. c3 Rg3 42. Qe2 Qb7 43. Kh2 Qg7 44. Qf1 1/2-1/2

[Event "POL Olympiad U12 Girls"]
[Site "Spala"]
[Date "2014.12.30"]
[Round "4.19"]
[White "Czarniecka, Aleksandra"]
[Black "Mytych, Wiktoria"]
[Result "1-0"]
[WhiteElo "1247"]
[BlackElo "1109"]
[PlyCount "101"]
[EventDate "2014.04.06"]
[EventType "swiss"]
[EventRounds "9"]
[EventCountry "POL"]
[SourceTitle "EXT 2023"]
[Source "ChessBase"]
[SourceDate "2022.10.05"]
[SourceVersion "1"]
[SourceVersionDate "2022.10.05"]
[SourceQuality "1"]

1. e4 c6 2. d4 d5 3. Nc3 dxe4 4. Nxe4 Bf5 5. Ng3 Bg6 6. h4 h6 7. Nf3 Nf6 8. h5 Bh7 9. Bd3 Bxd3 10. Qxd3 Nbd7 11. Bf4 e6 12. 0-0-0 Nb6 13. c4 Be7 14. Kb1 0-0 15. Ne4 Nbd7 16. g3 Rc8 17. Qe2 Qa5 18. Ne5 Nxe5 19. Bxe5 Nd7 20. Bf4 Qf5 21. Ka1 Nf6 22. Nd6 Bxd6 23. Bxd6 Rfd8 24. Be5 Ng4 25. Bf4 Nf6 26. Rh4 Qe4 27. Be3 Qf5 28. g4 Qa5 29. f4 Ne4 30. Qd3 Nd6 31. g5 Nf5 32. Rh3 hxg5 33. fxg5 c5 34. g6 cxd4 35. Bd2 Qc7 36. h6 gxh6 37. Bxh6 fxg6 38. Bg5 Rd7 39. Rdh1 Rg7 40. Bf6 Kf7 41. Bxg7 Nxg7 42. Qf3+ Ke7 43. Rh7 Kd6 44. Qa3+ Ke5 45. Re1+ Kf4 46. Qe3+ Kg4 47. Rg1+ Kf5 48. Qg3 Ke4 49. Rh4+ Kf5 50. Rf1+ Qf4 51. Qxf4# 1-0

[Event "POL Olympiad U12 Girls"]
[Site "Spala"]
[Date "2014.12.30"]
[Round "3.13"]
[White "Mytych, Wiktoria"]
[Black "Lascar, Maria Elena"]
[Result "0-1"]
[WhiteElo "1109"]
[BlackElo "1299"]
[PlyCount "86"]
[EventDate "2014.04.06"]
[EventType "swiss"]
[EventRounds "9"]
[EventCountry "POL"]
[SourceTitle "EXT 2023"]
[Source "ChessBase"]
[SourceDate "2022.10.05"]
[SourceVersion "1"]
[SourceVersionDate "2022.10.05"]
[SourceQuality "1"]

1. e4 c5 2. c3 d5 3. exd5 Qxd5 4. d4 Nf6 5. Nf3 e6 6. Nbd2 cxd4 7. cxd4 Nc6 8. Bc4 Qd8 9. Nb3 Be7 10. 0-0 0-0 11. Bg5 a6 12. Qe2 b5 13. Bd3 Bb7 14. Be4 Nxe4 15. Bxe7 Nxe7 16. Nfd2 Qd5 17. f3 Nxd2 18. Qxd2 Rac8 19. Rfe1 Ng6 20. Na5 Ba8 21. b4 Rfd8 22. Red1 e5 23. Nb3 exd4 24. Qxd4 Qxd4+ 25. Rxd4 Rxd4 26. Nxd4 Rd8 27. Nb3 f6 28. Nc5 Rd6 29. a4 Bc6 30. axb5 Bxb5 31. Ne4 Rd4 32. Nc5 Rxb4 33. Nxa6 Bxa6 34. Rxa6 Ne5 35. h3 Kf7 36. Ra7+ Kg6 37. Ra1 Rb2 38. Rd1 Kf5 39. Kf1 Kf4 40. Kg1 Kg3 41. Kf1 Rxg2 42. h4 Nxf3 43. h5 Rf2# 0-1

[Event "POL Olympiad U12 Girls"]
[Site "Spala"]
[Date "2014.12.30"]
[Round "7.17"]
[White "Mytych, Wiktoria"]
[Black "Lukaszewska, Magdalena"]
[Result "1/2-1/2"]
[WhiteElo "1109"]
[BlackElo "1190"]
[PlyCount "81"]
[EventDate "2014.04.06"]
[EventType "swiss"]
[EventRounds "9"]
[EventCountry "POL"]
[SourceTitle "EXT 2023"]
[Source "ChessBase"]
[SourceDate "2022.10.05"]
[SourceVersion "1"]
[SourceVersionDate "2022.10.05"]
[SourceQuality "1"]

1. e4 c5 2. c3 d5 3. exd5 Qxd5 4. d4 Nc6 5. Be3 cxd4 6. cxd4 e6 7. a3 Nf6 8. Nf3 Be7 9. Nbd2 0-0 10. Bc4 Qa5 11. 0-0 Qc7 12. Re1 b6 13. Nb3 Bb7 14. Rc1 Rac8 15. Qd2 Qd8 16. Bb5 a5 17. Qe2 Qd5 18. Bc4 Qd6 19. Red1 Na7 20. Ba6 Bxf3 21. Qxf3 Rxc1 22. Rxc1 Qd5 23. Qxd5 Nxd5 24. Bb7 Nxe3 25. fxe3 Bd6 26. Nd2 Rb8 27. Bf3 Rc8 28. Rxc8+ Nxc8 29. Nc4 Kf8 30. Bb7 b5 31. Nxa5 Nb6 32. Bc6 Na4 33. Bxb5 Nxb2 34. a4 f5 35. Nc4 Nxc4 36. Bxc4 Ke7 37. g3 Bb4 38. Kf2 Kd6 39. Bb5 e5 40. dxe5+ Kxe5 41. Kf3 1/2-1/2